| 000 | 00486nam a2200157 a 4500 | ||
|---|---|---|---|
| 001 | 000042927 | ||
| 005 | 20201002040514.0 | ||
| 008 | 140213s1998 sp 000 0 spa d | ||
| 020 | _a8423979318 | ||
| 040 |
_aDO-SdBNP _bspa _cBNPHU |
||
| 100 | 1 |
_aFortes, Susana _970396 |
|
| 245 | 1 | 4 |
_aLas Cenizas de la Bounty. / _cSusana Fortes. |
| 260 |
_aMadrid, : _bEspasa Calpe, _c1998. |
||
| 300 |
_a160 p. ; _c23 cm. |
||
| 500 | _aIncluye datos biografícos de la autora en la solapa de la portada. | ||
| 999 |
_c42416 _d42416 |
||